000 01291nam a22003857a 4500
003 CHAP
005 20220817040823.0
008 971013s1983 r 00010 d
010 _a876
011 _a1848
035 _a1025
040 _cCHAP
082 _a632
_bL3
100 0 0 _aLamberti, Franco.
_964566
245 _aDurable resistance in crops
260 _aNew York :
_bPlenum,
_c1983
300 _a454 p.
490 _aNATO Advanced science institutes series. Series A: Life scien
_v; 55
500 _a39-101
590 _aBATCH-UPD
_b10
_c20130110
_lUCH01
_h0239
590 _aBATCH-UPD
_b10
_c20130110
_lUCH01
_h0923
590 _aBATCH-UPD
_b10
_c20130409
_lUCH01
_h2305
590 _aBATCH-UPD
_b10
_c20130914
_lUCH01
_h1537
590 _aCONVERSION
_b10
_c20130109
_lUCH01
_h1302
650 1 4 _aGenética vegetal.
650 1 4 _aPlantas
_xCrecimiento
_xAditivos.
_988804
650 1 4 _aPlantas
_xResistencia a enfermedades.
_988882
650 1 4 _aPlantas
_xResistencia a plagas.
_988885
700 0 _aVander Graaff, N. A.
_9117860
700 0 _aWaller, J. M.
_9120931
830 0 _aNATO Advanced science institutes series. Series A: Life scien
_v; 55
_980392
901 _aBK
942 _cLIBRO
949 _a632 L3
_bBC
_cLIBRO
_d33724000174645
_eLIBRO
_gI. 151297
_h78042
_i1025
_si
_t129.70
999 _c876
_d876